| 000 | 00521nam a22001817a 4500 | ||
|---|---|---|---|
| 003 | CEME | ||
| 005 | 20210628210243.0 | ||
| 008 | 210216b xxu||||| |||| 00| 0 eng d | ||
| 020 | _a81-7635-421-X | ||
| 040 | _c. | ||
| 082 | _a005.44 NOR | ||
| 100 |
_aIrfan Chaudhry Buke, Thomas Norton, Peter _978743 |
||
| 245 | _aComplete guide to microsoft windows 2000 server | ||
| 260 |
_aNEW DELHI _bTECHMEDIA _c2000 |
||
| 300 | _a652P | ||
| 650 |
_aWINDOWS 2000 SERVER MICROSOFT WINDOWS 2000 SERVER _978744 |
||
| 942 |
_cBK _2ddc |
||
| 999 |
_c583829 _d583829 |
||